000 00293nam a22001217a 4500
008 170918b xxu||||| |||| 00| 0 eng d
041 _aeng
080 _a7
100 _a44
101 _aART
245 _aSOUL IN THE STONE: CEMETERY ART FROM AMERICA'S HEARTLAND
_cBROWN,J.G
942 _2udc
_cBK
999 _c27875
_d27875